Understanding the self/ (Record no. 2432)

MARC details
000 -LEADER
fixed length control field 00590nam a22001937a 4500
003 - CONTROL NUMBER IDENTIFIER
control field OSt
005 - DATE AND TIME OF LATEST TRANSACTION
control field 20240722083835.0
008 - FIXED-LENGTH DATA ELEMENTS--GENERAL INFORMATION
fixed length control field 240719b |||||||| |||| 00| 0 eng d
020 ## - INTERNATIONAL STANDARD BOOK NUMBER
International Standard Book Number 978-621-427-01877
040 ## - CATALOGING SOURCE
Original cataloging agency DWC- Main Lib
Transcribing agency OC
082 ## - DEWEY DECIMAL CLASSIFICATION NUMBER
Classification number Fil. 126 A712u 2019
100 ## - MAIN ENTRY--PERSONAL NAME
Personal name Ariola, Mariano A.
245 ## - TITLE STATEMENT
Title Understanding the self/
Statement of responsibility, etc. Mariano A. Ariola.
260 ## - PUBLICATION, DISTRIBUTION, ETC.
Place of publication, distribution, etc. Manila, Philippines :
Name of publisher, distributor, etc. Unlimited Books Library Services & Publishing,
Date of publication, distribution, etc. c2019.
300 ## - PHYSICAL DESCRIPTION
Extent viii , 285 pages :
Other physical details illustrations ;
Dimensions 25cm.
650 ## - SUBJECT ADDED ENTRY--TOPICAL TERM
Topical term or geographic name entry element 1. Identity
650 ## - SUBJECT ADDED ENTRY--TOPICAL TERM
Topical term or geographic name entry element 2. Self
942 ## - ADDED ENTRY ELEMENTS (KOHA)
Source of classification or shelving scheme Dewey Decimal Classification
Koha item type Book-Filipiniana
Suppress in OPAC Yes
952 ## - LOCATION AND ITEM INFORMATION (KOHA)
--
952 ## - LOCATION AND ITEM INFORMATION (KOHA)
--
Holdings
Withdrawn status Lost status Source of classification or shelving scheme Damaged status Not for loan Home library Current library Date acquired Source of acquisition Cost, normal purchase price Total Checkouts Full call number Barcode Date last seen Copy number Price effective from Koha item type Uniform Resource Identifier
    Dewey Decimal Classification     College Library College Library 08/09/2019 School Fund 695.00   Fil. 126 A712u 2019 CL52113 07/19/2024 c1 07/19/2024 BK - FIL
    Dewey Decimal Classification     College Library College Library 08/09/2019 School Fund 695.00   Fil. 126 A712u 2019 CL52135 07/19/2024 c2 07/19/2024 BK - FIL